| 000 | 00342cam a22001097a 4500 | ||
|---|---|---|---|
| 008 | 180718b2001 xxu||||| |||| 00| 0 eng d | ||
| 100 | _aKhanna, Santosh | ||
| 245 |
_a21vi sati main manav adhikar dasha aur disha _cby Santosh Khanna |
||
| 260 |
_aDelhi _bVidhi Bharti Parishad _c2001 |
||
| 300 | _a187p. | ||
| 650 | _aPolitical science - human right | ||
| 999 |
_c439353 _d439353 |
||